Normal view
MARC view
- Boudin, Chesa.
Entry Personal Name
001 - CONTROL NUMBER
- control field: 45319
003 - CONTROL NUMBER IDENTIFIER
- control field: OSt
005 - DATE AND TIME OF LATEST TRANSACTION
- control field: 20220601134750.0
008 - FIXED-LENGTH DATA ELEMENTS
- fixed length control field: 220601|| aca||aabn | a|a d
040 ## - CATALOGING SOURCE
- Original cataloging agency: OSt
- Transcribing agency: OSt
100 ## - HEADING--PERSONAL NAME
- Personal name: Boudin, Chesa.
670 ## - SOURCE DATA FOUND
- Source citation: Work cat.: (OSt): Boudin, Chesa., Children of incarcerated parents:, ©2011.
